Statistiques concernant Les 10 villes les + peuplées par G

Cliquez ici pour prendre le quiz!

Statistiques générales

  • Ce quiz a été pris 73 fois
  • Le résultat moyen est 3 sur 10

Statistiques - réponses

RéponsesPop.Pays% Correct
N°3Guatemala5 484 569G . . . . . . . a
69%
N°1Guangzhou23 426 128C . . . e
52%
N°4Guadalajara5 265 099M . . . . . e
51%
N°5Guayaquil3 564 222É . . . . . . r
32%
N°2Gauteng14 717 040A . . . . . . . . . . d
24%
N°9George Town2 412 586M . . . . . . e
23%
N°8Goiânia2 518 775B . . . . l
4%
N°6Guiyang3 483 100C . . . e
4%
N°10Gaziantep1 974 244T . . . . . e
3%
N°7Gujranwala2 948 936P . . . . . . n
3%

Distribution des résultats

Percentile par nombre de réponses

% des personnes avec chaque résultat

Votre développement - résultats

Vous n’avez pas pris ce quiz